|
|
|
|
| LEADER |
01831nam a2200433 i 4500 |
| 001 |
EBC1744596 |
| 003 |
MiAaPQ |
| 005 |
20200520144314.0 |
| 006 |
m o d | |
| 007 |
cr cnu|||||||| |
| 008 |
150529t20142014pl a ob 001 0 eng d |
| 020 |
|
|
|z 9783110401493
|
| 020 |
|
|
|a 9783110401509
|q (electronic bk.)
|
| 035 |
|
|
|a (MiAaPQ)EBC1744596
|
| 035 |
|
|
|a (Au-PeEL)EBL1744596
|
| 035 |
|
|
|a (CaPaEBR)ebr11054979
|
| 035 |
|
|
|a (OCoLC)939262789
|
| 040 |
|
|
|a MiAaPQ
|b eng
|e rda
|e pn
|c MiAaPQ
|d MiAaPQ
|
| 050 |
|
4 |
|a VM751
|b .M37 2014
|
| 082 |
0 |
|
|a 623.812
|2 23
|
| 100 |
1 |
|
|a Martelli, Michele,
|e author.
|
| 245 |
1 |
0 |
|a Marine propulsion simulation /
|c Michele Martelli; managing editor, Elisa Capello; language editor, Mary Boyd.
|
| 264 |
|
1 |
|a Warsaw, [Poland] ;
|a Berlin, [Germany] :
|b De Gruyter Open,
|c 2014.
|
| 264 |
|
4 |
|c 2014
|
| 300 |
|
|
|a 1 online resource (112 pages) :
|b illustrations
|
| 336 |
|
|
|a text
|2 rdacontent
|
| 337 |
|
|
|a computer
|2 rdamedia
|
| 338 |
|
|
|a online resource
|2 rdacarrier
|
| 504 |
|
|
|a Includes bibliographical references and index.
|
| 588 |
|
|
|a Description based on online resource; title from PDF title page (ebrary, viewed May 25, 2015).
|
| 590 |
|
|
|a Electronic reproduction. Ann Arbor, MI : ProQuest, 2016. Available via World Wide Web. Access may be limited to ProQuest affiliated libraries.
|
| 650 |
|
0 |
|a Ship propulsion
|x Simulation methods.
|
| 650 |
|
0 |
|a Ship propulsion.
|
| 655 |
|
4 |
|a Electronic books.
|
| 700 |
1 |
|
|a Capello, Elisa,
|e editor.
|
| 700 |
1 |
|
|a Boyd, Mary,
|e editor.
|
| 776 |
0 |
8 |
|i Print version:
|a Martelli, Michele.
|t Marine propulsion simulation.
|d Warsaw, [Poland] ; Berlin, [Germany] : De Gruyter Open, c2014
|h 104 pages
|z 9783110401493
|
| 797 |
2 |
|
|a ProQuest (Firm)
|
| 856 |
4 |
0 |
|u https://ebookcentral.proquest.com/lib/matrademy/detail.action?docID=1744596
|z Click to View
|